| 000 | 01249nam0a22003371 4500 | ||
|---|---|---|---|
| 001 | rc\3414005 | ||
| 005 | 20260531083108.0 | ||
| 021 |
_aRU _b[70-30836] |
||
| 035 | _a(NLR Aleph) 007579150 | ||
| 090 |
_a5489280 _c5489280 |
||
| 100 | _a20130115d1969 |||y0rusy50 ca | ||
| 101 | 0 | _arus | |
| 102 | _aRU | ||
| 105 | _aa z ||||| | ||
| 200 | 1 | _aЛев Александрович Бруни | |
| 210 |
_a[Москва _cСов. художник _d1969] |
||
| 215 |
_a120 с. _cил. _d19х17 |
||
| 300 | _aНа обл. загл.: Л. Бруни | ||
| 300 | _aНа обл. авт. не указан | ||
| 320 | _aБиблиогр.: с. 110-111 (44 назв.) | ||
| 320 | _aСписок основных произведений: с. 112-119 | ||
| 512 | 0 | _aЛ. Бруни | |
| 606 |
_aРусская советская графика _2psbo |
||
| 700 | 1 |
_8rus _7ca _aРакитин _bВ. И. _cискусствовед _f1939-2017 _gВасилий Иванович _3RU\NLR\AUTH\775272 _9115237 |
|
| 702 | 1 |
_4570 _aБруни _bЛ. А. _f1894-1948 _gЛев Александрович _3RU\NLR\AUTH\770151494 _9151456 |
|
| 801 | 0 |
_aRU _bNLR _gpsbo |
|
| 801 | 1 |
_aRU _bELAR _2rusmarc |
|
| 852 |
_aNLR _j70-3/1702 |
||
| 942 | _cBOOK | ||
| 980 | _aNB | ||